| 000 | 00000nam##2200000za#4500 |
| 001 | 9.647600 |
| 003 | CaOODSP |
| 005 | 20210615112659 |
| 007 | ta |
| 008 | 150407|2000||||xxc||||| f|0| 0 eng|d |
| 020 | |a0-662-28486-0 |
| 040 | |aCaOODSP|beng |
| 043 | |an-cn--- |
| 086 | 1 |aM92-179/2000E |
| 110 | 1 |aCanada.|bNatural Resources Canada. |bEnergy Resources Branch. |
| 245 | 10|aSolar water heating systems : |ba buyer's guide |
| 260 | |aOttawa - Ontario : |bNatural Resources Canada. |c2000. |
| 300 | |a19p. ; |c28 cm. |
| 500 | |a"This guide has been prepared to assist consumers with the purchase of a solar water heater, also known as a Solar Domestic Hot Water (SDHW) system, for their home."--Page 2. |
| 520 | 3 |aThis guide has been prepared to assist consumers with the purchase of a solar water heater, also known as a Solar Domestic Hot Water (SDHW) system, for their home.--Page 2 |
| 563 | |aSoftcover |
| 590 | |a00-33|b2000-08-18 |
| 690 | 07|aSolar heating|2gcpds |
| 690 | 07|aHousing|2gcpds |
| 775 | 08|tLes chauffes-eau solaires : |w(CaOODSP)9.681011 |
| 776 | 0#|tSolar water heating systems : |w(CaOODSP)9.695432 |